Pla de concertació : Xarxa Barcelona Municipis de Qualitat : 2008 - 2011 : règim de concertació de l'àmbit d'equipaments i les infraestructures Xarxa Barcelona Municipis de Qualitat :
Publicado:
Barcelona :
Diputació de Barcelona. Àrea de Presidència. Coordinació de Concertació i Assistència Local. Servei de Govern Local, [2010]
Descripción Física:
30 p. ; 29 cm
Colección:
Recull normatiu ; 2
MARC
| LEADER | 00000nam a2200000Ia 4500 | ||
|---|---|---|---|
| 001 | 23053 | ||
| 008 | 160829s9999 xx 000 0 cat d | ||
| 080 | |a FU-58-27 | ||
| 245 | |a Pla de concertació : |b Xarxa Barcelona Municipis de Qualitat : |b 2008 - 2011 : |b règim de concertació de l'àmbit d'equipaments i les infraestructures | ||
| 260 | |a Barcelona : |b Diputació de Barcelona. Àrea de Presidència. Coordinació de Concertació i Assistència Local. Servei de Govern Local, [2010] | ||
| 300 | |a 30 p. ; |c 29 cm | ||
| 490 | |a Recull normatiu ; 2 | ||
| 610 | 1 | 0 | |a Barcelona (Catalunya : Província). |b Diputació |v Planificació |9 52706 |
| 650 | |a Barcelona. Diputació |x Guies |9 32382 | ||
| 650 | 0 | |a Serveis municipals |x Barcelona (Catalunya : Província) |9 30634 | |
| 710 | |a Barcelona (Catalunya : Província). |b Servei de Govern Local |9 12081 | ||
| 901 | |a Arxiu | ||
| 942 | |n 1 | ||
| 952 | |0 0 |1 0 |4 0 |6 FU5827 |7 1 |9 49318 |a Arxiu |b Arxiu |d 2016-12-01 |l 0 |o FU-58-27 |p 23053 |r 2016-12-01 00:00:00 |w 2016-12-01 |y ARXIU | ||
| 999 | |c 53160 |d 53160 | ||